000 02130nam0a2200373 4500
001 RU\NLR\bibl\1722839
005 20250616072827.0
010 _a978-5-7487-1436-5
_9150
021 _aRU
_b2010-97255
_96564
035 _a(NLR Aleph) 001713821
090 _a1296817
_c1296817
100 _a20110114d2010 |||y0rusy50 ca
101 0 _arus
102 _aRU
105 _ay |||||||||
200 1 _aБета-адреноблокаторы: медицинские и фармацевтические аспекты, маркетинговая оценка лекарственного обеспечения
_eучебно-методическое пособие
_fДремова Н.Б., Резников К.М., Николаенко А.М., Толкачева И.В.
_gГОУ ВПО Курск. гос. мед. ун-т, Каф. экономики и упр. здравоохранением
210 _aКурск
_cКГМУ
_d2010
215 _a124 с.
_d21
300 _aНа обороте тит.л. авт.: Дремова Н.Б., акад. РАЕН, д.фарм.н., проф., Резников К.М., д.м.н., проф., Толкачева И.В., к.фарм.н.
320 _aБиблиогр.: с. 99-108 (88 назв.)
606 1 _aАдреноблокирующие средства
_jУчебно-методические пособия
_xФармакология
_9905292
_3RU\NLR\auth\669871
606 1 _aАдреноблокирующие средства
_jУчебно-методические пособия
_xМаркетинг
_92611455
_3RU\NLR\auth\661548013
686 _aР281.711.22я7
686 _aР11(2)26я7
701 1 _aДремова
_bН. Б.
_gНина Борисовна
_4070
701 1 _aРезников
_bК. М.
_gКонстантин Михайлович
_4070
701 1 _aНиколаенко
_bА. М.
_gАлександр Михайлович
_4070
701 1 _aТолкачева
_bИ. В.
_gИрина Викторовна
_4070
801 0 _aRU
_bNLR
_c20110114
_gRCR
801 1 _aRU
_bNLR
_c20110114
830 _aпо кн.
942 _cBOOK
980 _aNB